000 00503nam a2200157 a 4500
001 000029205
005 20200930055409.0
008 110414s2007 dr a 000 0 spa d
040 _aDO-SdBNP
_bspa
_cBNPHU
110 1 _aRepública Dominicana
_bJunta Central Electroral:
_956111
245 1 0 _aConoce la Junta Central Electroral :
_buna entidad que trabaja para ti! /
_cVianela Díaz.
260 _aSanto Domingo :,
_c2007.
300 _a23 P. ;
_c27 cm.
700 1 _aDíaz, Vianela
_92668
049 _aBNPD
999 _c28697
_d28697